000 00457nam a22001577a 4500
003 0
005 20220817103736.0
008 220817b xxu||||| |||| 00| 0 eng d
020 _a978-1-5264-2713-7
050 _aLB1028
_b.R35 2020
245 _aAn introduction to CBT research
_cSarh Rakovshik
260 _aLos Angeles
_bSage
_cC2020
300 _axv,226p.
_c23cm.
_eIncludes references and index.
_fBook
500 _aEducation--research.
942 _2lcc
_cBK
999 _c364795
_d364795